000 00344nam a2200121Ia 4500
008 190216s9999||||xx |||||||||||||| ||und||
100 _aEfimov A V
245 0 _aMathematical Analysis-Advanced Topics-General Functional Series And Their Applications
260 _bMir Pubs Moscow
_c1985
300 _a360p
650 _aMathematics
942 _cBK
999 _c30921
_d30921